[Event "Taujenai-ch rapid"]
[Site "Taujenai"]
[Date "2023.10.29"]
[Round "6"]
[White "Ribinskas, Gediminas"]
[Black "Povilaitis, Matas Arunas"]
[Result "0-1"]
[WhiteElo "1605"]
[BlackElo "1873"]
[PlyCount "66"]
[EventDate "2023.10.28"]
[EventType "swiss (rapid)"]
[EventRounds "10"]
[EventCountry "LTU"]
[SourceTitle "Mega2024 Update 01"]
[Source "Chessbase"]
[SourceDate "2023.11.12"]
[SourceVersion "1"]
[SourceVersionDate "2023.11.12"]
[SourceQuality "1"]

1. e4 c5 2. Nf3 Nc6 3. Bb5 g6 4. 0-0 Bg7 5. c3 e5 6. d4 cxd4 7. cxd4 exd4 8. Bf4 a6 9. Ba4 b5 10. Bb3 d6 11. Nbd2 Nge7 12. Ng5 0-0 13. Qf3 Na5 14. Qg3 Nxb3 15. Nxb3 d5 16. Bc7 Qd7 17. Nc5 Qg4 18. e5 Qxg3 19. hxg3 h6 20. Nf3 Nc6 21. Rfe1 Re8 22. Nd3 Bf5 23. Rad1 Rac8 24. Bd6 Be4 25. Nc5 Bxf3 26. gxf3 Bxe5 27. Bxe5 Nxe5 28. Rxe5 Rxe5 29. Nxa6 Rc2 30. Nb4 Rc4 31. f4 Re2 32. Nxd5 Rxb2 33. Nb6 Rcc2 0-1

[Event "Taujenai-ch rapid"]
[Site "Taujenai"]
[Date "2023.10.29"]
[Round "8"]
[White "Zaksaite, Salomeja"]
[Black "Povilaitis, Matas Arunas"]
[Result "1/2-1/2"]
[WhiteElo "2080"]
[BlackElo "1873"]
[PlyCount "78"]
[EventDate "2023.10.28"]
[EventType "swiss (rapid)"]
[EventRounds "10"]
[EventCountry "LTU"]
[SourceTitle "Mega2024 Update 01"]
[Source "Chessbase"]
[SourceDate "2023.11.12"]
[SourceVersion "1"]
[SourceVersionDate "2023.11.12"]
[SourceQuality "1"]

1. d4 d5 2. Nc3 Nf6 3. Bf4 c6 4. e3 Bf5 5. f3 e6 6. g4 Bg6 7. h4 h5 8. g5 Ng8 9. Bd3 Ne7 10. Nh3 Nf5 11. Bxf5 Bxf5 12. Qd2 Bb4 13. a3 Qa5 14. Be5 Bxh3 15. Rxh3 Rg8 16. Rb1 Bxc3 17. bxc3 b6 18. g6 f6 19. Bd6 Kd7 20. Bb4 Qb5 21. Rb3 Na6 22. Bd6 Qc4 23. Bf4 Rac8 24. Kf2 c5 25. Rh1 Rc6 26. Kg3 Rgc8 27. dxc5 e5 28. Bg5 fxg5 29. hxg5 Rxg6 30. e4 Rxc5 31. Rxh5 Qf1 32. exd5 Qg1+ 33. Kh3 Rc4 34. Qd3 Qh1+ 35. Kg3 Qg1+ 36. Kh3 Qh1+ 37. Kg3 Qg1+ 38. Kh3 Qh1+ 39. Kg3 Ke8 1/2-1/2

[Event "Taujenai-ch rapid"]
[Site "Taujenai"]
[Date "2023.10.28"]
[Round "4"]
[White "Alionyte, Patricija"]
[Black "Povilaitis, Matas Arunas"]
[Result "0-1"]
[WhiteElo "1553"]
[BlackElo "1873"]
[PlyCount "128"]
[EventDate "2023.10.28"]
[EventType "swiss (rapid)"]
[EventRounds "10"]
[EventCountry "LTU"]
[SourceTitle "Mega2024 Update 01"]
[Source "Chessbase"]
[SourceDate "2023.11.12"]
[SourceVersion "1"]
[SourceVersionDate "2023.11.12"]
[SourceQuality "1"]

1. e4 c5 2. Nf3 Nc6 3. Bb5 g6 4. d4 cxd4 5. Nxd4 Bg7 6. Nxc6 bxc6 7. Bd3 Nf6 8. Nc3 0-0 9. 0-0 Rb8 10. Rb1 d5 11. Bf4 Rb7 12. Ba6 Rb6 13. Bxc8 Qxc8 14. Be3 Rb7 15. exd5 cxd5 16. Nxd5 Nxd5 17. Qxd5 Rxb2 18. Rxb2 Bxb2 19. Qb3 Bf6 20. Bxa7 Qa6 21. Bc5 Rc8 22. Bb4 Rb8 23. a3 e6 24. Rd1 Qe2 25. Qd3 Qh5 26. Rd2 Qe5 27. Re2 Qa1+ 28. Re1 Qb2 29. Qb3 Qd4 30. Qe3 Qc4 31. Qb3 Qc8 32. Qf3 Bg7 33. Qd3 Qc6 34. c4 Rc8 35. Rc1 e5 36. f3 Qe8 37. Re1 Rd8 38. Qe2 Qc6 39. Qe4 Qa4 40. Qe2 Qb3 41. Rc1 f5 42. Qc2 Qe3+ 43. Kh1 Bh6 44. Rd1 Rc8 45. Re1 Qf4 46. c5 Bg7 47. Rc1 Kh8 48. Qc4 Qg5 49. Rd1 Qe7 50. Qd5 e4 51. fxe4 fxe4 52. Re1 e3 53. Qd3 Re8 54. Re2 Qf6 55. Re1 e2 56. Kg1 Qd4+ 57. Qxd4 Bxd4+ 58. Kh1 Bf2 59. g3 Bxe1 60. Bxe1 Rf8 61. Bc3+ Kg8 62. Kg2 Rf1 63. c6 e1Q 64. Bxe1 Rxe1 0-1

[Event "Panevezys op-B"]
[Site "Panevezys"]
[Date "2022.07.02"]
[Round "3"]
[White "Viskelis, Darius"]
[Black "Povilaitis, Matas Arunas"]
[Result "1-0"]
[WhiteElo "2139"]
[BlackElo "1856"]
[PlyCount "81"]
[EventDate "2022.07.01"]
[EventType "swiss"]
[EventRounds "7"]
[EventCountry "LTU"]
[SourceTitle "EXT 2023"]
[Source "ChessBase"]
[SourceDate "2022.10.05"]
[SourceVersion "1"]
[SourceVersionDate "2022.10.05"]
[SourceQuality "1"]

1. e4 c5 2. Nf3 Nc6 3. Bb5 g6 4. 0-0 Bg7 5. h3 e5 6. Bxc6 dxc6 7. d3 Qe7 8. a4 b6 9. Nbd2 Nf6 10. Nc4 Nd7 11. Bg5 Qe6 12. Qd2 h6 13. Be3 Ba6 14. b3 Bxc4 15. bxc4 f5 16. exf5 gxf5 17. Rae1 0-0-0 18. a5 Qg6 19. Qe2 Bf6 20. Nh2 Bh4 21. Ra1 f4 22. Bd2 Rhg8 23. f3 h5 24. Kh1 Bg3 25. Bc3 Kb7 26. Ra2 Bxh2 27. Kxh2 Rg7 28. axb6 axb6 29. Rfa1 Re8 30. Ra7+ Kc8 31. R1a6 Qg5 32. Ra8+ Nb8 33. Rxb6 Kc7 34. Ba5 Kd6 35. Rbxb8 Rxb8 36. Rxb8 Ra7 37. Bc3 h4 38. Bxe5+ Kd7 39. Bc3 Ra3 40. Qe8+ Kc7 41. Be5+ 1-0

[Event "Panevezys op-B"]
[Site "Panevezys"]
[Date "2022.07.01"]
[Round "1"]
[White "Voropajevas, Nikolajus"]
[Black "Povilaitis, Matas Arunas"]
[Result "0-1"]
[WhiteElo "1422"]
[BlackElo "1856"]
[PlyCount "64"]
[EventDate "2022.07.01"]
[EventType "swiss"]
[EventRounds "7"]
[EventCountry "LTU"]
[SourceTitle "EXT 2023"]
[Source "ChessBase"]
[SourceDate "2022.10.05"]
[SourceVersion "1"]
[SourceVersionDate "2022.10.05"]
[SourceQuality "1"]

1. e4 c5 2. Nc3 Nc6 3. Nf3 g6 4. d4 cxd4 5. Nxd4 Bg7 6. Nxc6 bxc6 7. Bd2 d6 8. Bd3 Nf6 9. h3 0-0 10. 0-0 Nd7 11. Rb1 Nc5 12. Qe2 Nxd3 13. Qxd3 a5 14. Rfe1 Ba6 15. Qe3 Rb8 16. b3 Qc7 17. a4 Rbd8 18. Nd1 Bb7 19. Bc3 e5 20. Nb2 f5 21. f3 fxe4 22. fxe4 Rf4 23. Rf1 Bh6 24. Rxf4 Bxf4 25. Qe1 Qe7 26. Bxa5 Rf8 27. Nd3 c5 28. c4 Qg5 29. Rb2 Be3+ 30. Kh1 Bxe4 31. Qe2 Qg3 32. Qe1 Qxh3# 0-1

[Event "Baltija Cup 18th"]
[Site "Palanga"]
[Date "2022.06.22"]
[Round "5"]
[White "Salna, Aleksandras"]
[Black "Povilaitis, Matas Arunas"]
[Result "1/2-1/2"]
[WhiteElo "2199"]
[BlackElo "1839"]
[PlyCount "172"]
[EventDate "2022.06.20"]
[EventType "swiss"]
[EventRounds "7"]
[EventCountry "LTU"]
[SourceTitle "CBM 209 Extra"]
[Source "ChessBase"]
[SourceDate "2022.09.30"]
[SourceVersion "1"]
[SourceVersionDate "2022.09.30"]
[SourceQuality "1"]

1. c4 c6 2. d4 d5 3. Nf3 Nf6 4. Nc3 e6 5. Bg5 Be7 6. e3 Nbd7 7. Bd3 h6 8. Bh4 dxc4 9. Bxc4 b5 10. Be2 Bb7 11. 0-0 0-0 12. Rc1 Rc8 13. a3 a6 14. b4 a5 15. Qb3 axb4 16. axb4 Nb6 17. Bxf6 Bxf6 18. Ne4 Ra8 19. Ne5 Bxe5 20. dxe5 Qd5 21. Qxd5 Nxd5 22. Rb1 Rfb8 23. Rb3 Ra2 24. Bf3 Nb6 25. Nc3 Rd2 26. Be2 Na4 27. Bd1 Rbd8 28. Bf3 Nxc3 29. Rxc3 Rb2 30. g3 Rxb4 31. Rfc1 Rb2 32. Bxc6 Bxc6 33. Rxc6 Rdd2 34. Rf1 Rd5 35. Rfc1 Rxe5 36. R1c5 Rxc5 37. Rxc5 Kf8 38. h4 Ke7 39. Rc7+ Kf6 40. Rb7 b4 41. Kg2 b3 42. Kf3 Rb1 43. Kg2 b2 44. Rb5 Ke7 45. Kf3 Kd6 46. Rb8 Kd5 47. Ke2 e5 48. Rb7 e4 49. Rb5+ Ke6 50. Rb7 Kf6 51. Rb5 Kg6 52. h5+ Kf6 53. g4 Ke6 54. Rb6+ Ke5 55. Rb5+ Kf6 56. Rf5+ Ke6 57. Rb5 f5 58. Rb6+ Ke7 59. gxf5 Kf7 60. Kd2 Rf1 61. Kc2 Rxf2+ 62. Kb1 Rxf5 63. Kxb2 Rf3 64. Rb3 Kf6 65. Kc2 Kg5 66. Rb7 Rxe3 67. Rxg7+ Kxh5 68. Kd2 Rf3 69. Ke2 Kh4 70. Re7 Rf4 71. Ke3 Rg4 72. Rh7 h5 73. Rh8 Kg5 74. Rg8+ Kh6 75. Rh8+ Kg6 76. Rg8+ Kf7 77. Rxg4 hxg4 78. Kxe4 Kg6 79. Kf4 Kh5 80. Kg3 Kg5 81. Kg2 Kf4 82. Kf2 g3+ 83. Kg2 Kg4 84. Kg1 Kh3 85. Kh1 g2+ 86. Kg1 Kg3 1/2-1/2

[Event "LTU-ch U16"]
[Site "Kaunas"]
[Date "2022.02.18"]
[Round "4"]
[White "Pidluznij, Gleb"]
[Black "Povilaitis, Matas Arunas"]
[Result "1/2-1/2"]
[WhiteElo "2046"]
[BlackElo "1735"]
[PlyCount "120"]
[EventDate "2022.02.16"]
[EventType "swiss"]
[EventRounds "8"]
[EventCountry "LTU"]
[SourceTitle "CBM 207 Extra"]
[Source "ChessBase"]
[SourceDate "2022.05.31"]
[SourceVersion "1"]
[SourceVersionDate "2022.05.31"]
[SourceQuality "1"]

1. Nf3 d5 2. b3 c5 3. e3 Nc6 4. Bb5 Bd7 5. 0-0 Nf6 6. Bxc6 Bxc6 7. Ne5 Rc8 8. d3 g6 9. Bb2 Bg7 10. Nd2 0-0 11. f4 e6 12. Ndf3 b6 13. h3 Bb7 14. g4 Ne8 15. g5 Nd6 16. Qc1 Nf5 17. Ng4 d4 18. e4 Ng3 19. Rf2 Kh8 20. Kh2 Nh5 21. Qd2 Qc7 22. Nfe5 f5 23. gxf6 Nxf6 24. Raf1 Nxg4+ 25. Nxg4 h5 26. Ne5 Bxe5 27. fxe5 Qxe5+ 28. Kg2 Qg7 29. Rxf8+ Rxf8 30. Rxf8+ Qxf8 31. Qg5 Qf5 32. Qd8+ Kg7 33. Qc7+ Qf7 34. Qb8 Qe7 35. Bc1 g5 36. Qe5+ Kg6 37. Qh8 Qg7 38. Qxg7+ Kxg7 39. Bxg5 b5 40. Be7 c4 41. Bc5 e5 42. Bxa7 c3 43. h4 Bc8 44. Kf2 Kf6 45. Ke1 Bg4 46. Bb8 Bd7 47. Kd1 Ke6 48. Kc1 Bc6 49. Kb1 Be8 50. a3 Bc6 51. Ka2 Be8 52. b4 Kf6 53. Bc7 Bf7+ 54. Kb1 Be8 55. Bd8+ Ke6 56. Ka2 Kd6 57. Bg5 Bf7+ 58. Kb1 Be8 59. Bc1 Bd7 60. Bh6 Be8 1/2-1/2

[Event "LTU-ch sf"]
[Site "Kaunas"]
[Date "2021.09.25"]
[Round "2"]
[White "Berginas, Sigitas"]
[Black "Povilaitis, Matas Arunas"]
[Result "0-1"]
[WhiteElo "1380"]
[BlackElo "1720"]
[PlyCount "76"]
[EventDate "2021.09.24"]
[EventType "swiss"]
[EventRounds "8"]
[EventCountry "LTU"]
[SourceTitle "EXT 2023"]
[Source "ChessBase"]
[SourceDate "2022.10.05"]
[SourceVersion "1"]
[SourceVersionDate "2022.10.05"]
[SourceQuality "1"]

1. d4 d5 2. Bf4 c5 3. Bxb8 Rxb8 4. dxc5 e6 5. e3 Bxc5 6. Bb5+ Bd7 7. Bxd7+ Qxd7 8. Qe2 Nf6 9. Nf3 0-0 10. 0-0 b5 11. Nbd2 Rfc8 12. c3 Bf8 13. Rac1 g6 14. Nb3 Bg7 15. Ne5 Qb7 16. a3 Ne4 17. Nd3 Qb6 18. Nd2 Nd6 19. Nb1 Rc6 20. Rc2 Rbc8 21. Rfc1 Bh6 22. Ne5 R6c7 23. Nd3 Nf5 24. Kh1 Qd6 25. Nd2 Qe7 26. Ne5 Qe8 27. Nd3 d4 28. e4 Nd6 29. e5 Nf5 30. Nb4 a5 31. Nd3 Qd8 32. g4 dxc3 33. Rxc3 Nd4 34. Rxc7 Rxc7 35. Qd1 Bxd2 36. Rxc7 Qxc7 37. Qxd2 Qc6+ 38. f3 Qxf3+ 0-1

[Event "Panevezys op-B"]
[Site "Panevezys"]
[Date "2021.08.01"]
[Round "7"]
[White "Povilaitis, Matas Arunas"]
[Black "Viskelis, Steponas"]
[Result "1/2-1/2"]
[WhiteElo "1705"]
[BlackElo "1827"]
[PlyCount "95"]
[EventDate "2021.07.30"]
[EventType "swiss"]
[EventRounds "7"]
[EventCountry "LTU"]
[SourceTitle "EXT 2022"]
[Source "ChessBase"]
[SourceDate "2021.10.06"]
[SourceVersion "1"]
[SourceVersionDate "2021.10.06"]
[SourceQuality "1"]

1. d4 Nf6 2. Nf3 e6 3. Bf4 d5 4. e3 Be7 5. Bd3 b6 6. Nbd2 0-0 7. Ne5 c5 8. c3 Bb7 9. Qc2 Nc6 10. g4 cxd4 11. exd4 g6 12. Bh6 Re8 13. Nxg6 fxg6 14. Bxg6 Rc8 15. Bxh7+ Kh8 16. Bg6 Rg8 17. Bf7 Nxg4 18. Bxg8 Qxg8 19. Rg1 Qh7 20. Qxh7+ Kxh7 21. Rxg4 Kxh6 22. 0-0-0 Rf8 23. f3 Rf5 24. Re1 e5 25. Reg1 Rg5 26. h4 Rxg4 27. fxg4 exd4 28. g5+ Kg7 29. Nf3 dxc3 30. bxc3 Bc5 31. Re1 Bc8 32. h5 Bg4 33. h6+ Kg6 34. Nh4+ Kh7 35. Kb2 Be7 36. Rg1 Be6 37. g6+ Kxh6 38. Nf5+ Bxf5 39. g7 Be6 40. g8Q Bxg8 41. Rxg8 d4 42. cxd4 Nxd4 43. Kc3 Bc5 44. Kc4 a5 45. Rc8 Nc2 46. Rxc5 bxc5 47. Kxc5 a4 48. Kb5 1/2-1/2

[Event "Panevezys op-B"]
[Site "Panevezys"]
[Date "2021.07.31"]
[Round "4"]
[White "Katinas, Kazimieras"]
[Black "Povilaitis, Matas Arunas"]
[Result "0-1"]
[WhiteElo "1485"]
[BlackElo "1705"]
[PlyCount "58"]
[EventDate "2021.07.30"]
[EventType "swiss"]
[EventRounds "7"]
[EventCountry "LTU"]
[SourceTitle "EXT 2022"]
[Source "ChessBase"]
[SourceDate "2021.10.06"]
[SourceVersion "1"]
[SourceVersionDate "2021.10.06"]
[SourceQuality "1"]

1. d4 f5 2. Nf3 Nf6 3. Bf4 g6 4. Nc3 Bg7 5. e3 0-0 6. Bc4+ d5 7. Bb3 c6 8. h4 Nbd7 9. Qe2 Nh5 10. Bh2 a5 11. Ne5 Nhf6 12. f3 Nxe5 13. Bxe5 b5 14. a3 Ba6 15. Qf2 Nh5 16. Bxg7 Kxg7 17. Ne2 Qd6 18. f4 a4 19. Ba2 b4 20. Ng3 Nxg3 21. Qxg3 bxa3 22. e4 axb2 23. Rb1 fxe4 24. Rxb2 Qxf4 25. Qxf4 Rxf4 26. Rb6 e3 27. Rxc6 Rxd4 28. h5 e2 29. Kf2 Rd1 0-1

[Event "LTU-chT"]
[Site "Lithuania"]
[Date "2021.05.15"]
[Round "6.5"]
[White "Posaskov, Nikita"]
[Black "Povilaitis, Matas Arunas"]
[Result "1/2-1/2"]
[WhiteElo "1706"]
[BlackElo "1519"]
[PlyCount "74"]
[EventDate "2021.05.07"]
[EventType "team-swiss"]
[EventRounds "7"]
[EventCountry "LTU"]
[SourceTitle "CBM 202 Extra"]
[Source "ChessBase"]
[SourceDate "2021.07.31"]
[SourceVersion "1"]
[SourceVersionDate "2021.07.31"]
[SourceQuality "1"]
[WhiteTeam "Vilnius Tauras"]
[BlackTeam "Siauliai Dubysa"]
[WhiteTeamCountry "LTU"]
[BlackTeamCountry "LTU"]

1. Nf3 d5 2. d4 c6 3. c4 Nf6 4. Nc3 Bf5 5. cxd5 Nxd5 6. e3 e6 7. Bd3 Bxd3 8. Qxd3 g6 9. e4 Nb6 10. Bg5 Be7 11. Bxe7 Qxe7 12. 0-0 0-0 13. Qe3 Rd8 14. Qh6 f6 15. h4 Na6 16. Rfd1 Nc7 17. Rac1 e5 18. dxe5 fxe5 19. h5 Qg7 20. Qxg7+ Kxg7 21. hxg6 hxg6 22. Nxe5 Kf6 23. Nd3 Ne6 24. f3 Rd7 25. b3 a5 26. Nb2 Rh7 27. Kf2 Rah8 28. Ne2 g5 29. Nc4 Nd7 30. Nxa5 Ndc5 31. b4 Ra8 32. Rc2 g4 33. Nxc6 gxf3 34. gxf3 Nxe4+ 35. fxe4 bxc6 36. Rg1 Ke5 37. Ng3 Nd4 1/2-1/2

[Event "Klaipeda Sea rapid op 16th"]
[Site "Klaipeda"]
[Date "2019.07.27"]
[Round "1"]
[White "Povilaitis, Matas Arunas"]
[Black "Stremavicius, Titas"]
[Result "0-1"]
[WhiteElo "1223"]
[BlackElo "2490"]
[PlyCount "46"]
[EventDate "2019.07.27"]
[EventType "swiss (rapid)"]
[EventRounds "7"]
[EventCountry "LTU"]
[SourceTitle "CBM 191 Extra"]
[Source "ChessBase"]
[SourceDate "2019.09.30"]
[SourceVersion "1"]
[SourceVersionDate "2019.09.30"]
[SourceQuality "1"]

1. d4 f5 2. Bf4 Nf6 3. Nf3 g6 4. e3 Bg7 5. Bc4 e6 6. 0-0 0-0 7. c3 h6 8. h3 g5 9. Be5 d6 10. Bxf6 Qxf6 11. Nbd2 c6 12. Re1 Kh8 13. e4 d5 14. exd5 exd5 15. Bd3 Nd7 16. Qc2 g4 17. hxg4 fxg4 18. Ne5 Nxe5 19. dxe5 Qxf2+ 20. Kh1 Bf5 21. e6 Bxd3 22. Qxd3 Rf5 23. Rf1 Rh5+ 0-1

[Event "Klaipeda Sea op-C 16th"]
[Site "Klaipeda"]
[Date "2019.07.23"]
[Round "1"]
[White "Povilaitis, Matas Arunas"]
[Black "Griksaite, Ruta"]
[Result "1-0"]
[WhiteElo "1223"]
[BlackElo "1012"]
[PlyCount "79"]
[EventDate "2019.07.23"]
[EventType "swiss"]
[EventRounds "7"]
[EventCountry "LTU"]
[SourceTitle "CBM 195 Extra"]
[Source "ChessBase"]
[SourceDate "2020.05.31"]
[SourceVersion "1"]
[SourceVersionDate "2020.05.31"]
[SourceQuality "1"]

1. d4 d5 2. Bf4 Nf6 3. Nf3 Bf5 4. e3 e6 5. c3 h6 6. Qb3 b6 7. Nbd2 c5 8. Ne5 c4 9. Qd1 Nbd7 10. Ndf3 Bd6 11. Nxf7 Kxf7 12. Bxd6 Re8 13. Bg3 Re7 14. Ne5+ Nxe5 15. Bxe5 Nd7 16. Bg3 e5 17. Bh4 Nf6 18. h3 e4 19. Be2 Kg8 20. Bg4 Bxg4 21. hxg4 Qd7 22. g5 hxg5 23. Bxg5 Qf5 24. Bxf6 Qxf6 25. Qh5 Ree8 26. Qxd5+ Qe6 27. Qxe6+ Rxe6 28. Rh4 Kf7 29. Ke2 Rg6 30. Rf4+ Ke6 31. Rxe4+ Kd5 32. Re5+ Kd6 33. g3 Rc8 34. Rh1 a6 35. Rhh5 b5 36. Reg5 Rxg5 37. Rxg5 Rc7 38. Rg6+ Kd5 39. f3 Rc6 40. e4# 1-0